Sales Promotion Design (Record no. 234139)

MARC details
000 -LEADER
fixed length control field 00324pam a2200145 a 4500
020 ## - INTERNATIONAL STANDARD BOOK NUMBER
Terms of availability
041 ## - LANGUAGE CODE
Language code of original
082 ## - DEWEY DECIMAL CLASSIFICATION NUMBER
Classification number 658.82
Item number KON
100 ## - MAIN ENTRY--PERSONAL NAME
Personal name Konikow Robert B.
245 ## - TITLE STATEMENT
Title Sales Promotion Design
Medium Textual Documents
250 ## - EDITION STATEMENT
Edition statement 1990.
260 ## - PUBLICATION, DISTRIBUTION, ETC.
Place of publication, distribution, etc. America
Name of publisher, distributor, etc. PBC International Inc.
300 ## - PHYSICAL DESCRIPTION
Extent H/253.
930 ## - EQUIVALENCE OR CROSS-REFERENCE-UNIFORM TITLE HEADING [LOCAL, CANADA]
Uniform title 349
Holdings
Withdrawn status Lost status Damaged status Not for loan Collection Home library Current library Date acquired Source of acquisition Cost, normal purchase price Total Checkouts Full call number Barcode Date last seen Copy number Price effective from Koha item type
          College of Fine Arts, Pune College of Fine Arts, Pune 06/03/2004 Chandrakant Book Distributors Mumbai 750.00   658.82 KON FAP-0349 07/03/2023 1 07/03/2023 Book